000 00587cam a22002057a 4500
001 000626
003 armpunfd
005 20140612090615.0
008 011019e1853####xx#a##########000#0#und#d
040 _aarmpunfd
_carmpunfd
080 _a342.4(82) C627
100 1 0 _a Sin Autor
245 1 0 _aConstitucion de la nacion argentina
260 b _cTEXTO OFICIAL DE 1853 CON LAS REFORMAS DE 1860.
300 _a1997
500 _a1866; ##
_a1898; ##
_a1957 y 1994 ordenado por ley 24.430
650 7 _a Constitucion
_x Argentina
_2LEMB
942 _cLB
_2cdu
945 _aCatalis
_d2010-08-19
999 _c618
_d231122